[Event "Titled Tuesday intern op 16th Apr Late"]
[Site "Chess.com INT"]
[Date "2024.04.16"]
[Round "8"]
[White "Rangel, Daniel"]
[Black "Sevgi, Volkan"]
[Result "1-0"]
[WhiteElo "2160"]
[BlackElo "2308"]
[PlyCount "105"]
[EventDate "2024.04.16"]
[EventType "swiss (blitz)"]
[EventRounds "11"]
[EventCountry "USA"]
[SourceTitle "CB17_2024"]
[SourceDate "2024.04.24"]
[SourceVersion "1"]
[SourceVersionDate "2024.04.24"]
[SourceQuality "1"]

1. c4 Na6 2. g3 c5 3. Bg2 Rb8 4. Nf3 Nf6 5. 0-0 e6 6. d4 d5 7. cxd5 exd5 8. Nc3 Be6 9. Bg5 Be7 10. Ne5 0-0 11. dxc5 Nxc5 12. Nd3 Nxd3 13. Qxd3 d4 14. Ne4 Nxe4 15. Bxe7 Qxe7 16. Qxe4 f5 17. Qe5 Rfd8 18. Rfd1 Qd6 19. Qa5 a6 20. Rd2 Rbc8 21. Rad1 Qc5 22. Qa4 Bc4 23. Bxb7 Rb8 24. Bf3 Rb4 25. Qa3 Qb6 26. Rxd4 Rb8 27. Rxc4 Rxc4 28. Bd5+ Kh8 29. Bxc4 a5 30. Qd6 Qxd6 31. Rxd6 h5 32. b3 Re8 33. Rd5 g6 34. Rxa5 Kg7 35. e3 Kh6 36. h4 Re4 37. Ra6 Kg7 38. a4 Re5 39. a5 Re7 40. Rb6 Rd7 41. a6 Rd1+ 42. Kg2 Ra1 43. b4 Kh6 44. Bf7 f4 45. exf4 Kg7 46. Bxg6 Kh6 47. Be4+ Kg7 48. b5 Kf7 49. Rb7+ Ke6 50. a7 Kd6 51. b6 Kc5 52. Rb8 Kb5 53. a8Q 1-0

[Event "Titled Tuesday intern op 16th Apr Late"]
[Site "Chess.com INT"]
[Date "2024.04.16"]
[Round "6"]
[White "Senft, Sean"]
[Black "Sevgi, Volkan"]
[Result "1-0"]
[WhiteElo "2054"]
[BlackElo "2308"]
[PlyCount "93"]
[EventDate "2024.04.16"]
[EventType "swiss (blitz)"]
[EventRounds "11"]
[EventCountry "USA"]
[SourceTitle "CB17_2024"]
[SourceDate "2024.04.24"]
[SourceVersion "1"]
[SourceVersionDate "2024.04.24"]
[SourceQuality "1"]

1. d4 Nf6 2. c4 e6 3. Nc3 Bb4 4. Nf3 b6 5. Bg5 h6 6. Bh4 g5 7. Bg3 Ne4 8. Qc2 Bxc3+ 9. bxc3 Nxg3 10. fxg3 Bb7 11. e4 d6 12. Bd3 Nd7 13. 0-0 Qe7 14. a4 a5 15. Rab1 0-0-0 16. Qe2 h5 17. e5 g4 18. exd6 Qxd6 19. Ng5 Rdf8 20. Nxf7 Rxf7 21. Rxf7 h4 22. Qxg4 h3 23. Be4 hxg2 24. Bxb7+ Kxb7 25. c5 Qc6 26. Qf3 Qxf3 27. Rxf3 Kc6 28. cxb6 Nxb6 29. Kxg2 Nxa4 30. c4 Nb6 31. c5 Nc4 32. Rc3 Kd5 33. Rbc1 Nd2 34. Ra3 Nc4 35. Ra4 Ne3+ 36. Kg1 Rb8 37. Rxa5 Rb2 38. Ra3 Nf5 39. Rd1 c6 40. Rf3 Nxd4 41. h4 e5 42. h5 Ke4 43. Rf2 Rb3 44. Kg2 Re3 45. h6 Nf5 46. h7 Rxg3+ 47. Kh2 1-0

[Event "Titled Tuesday intern op 16th Apr Late"]
[Site "Chess.com INT"]
[Date "2024.04.16"]
[Round "4"]
[White "Senthilkumar, Pranav"]
[Black "Sevgi, Volkan"]
[Result "1-0"]
[WhiteElo "1912"]
[BlackElo "2308"]
[PlyCount "65"]
[EventDate "2024.04.16"]
[EventType "swiss (blitz)"]
[EventRounds "11"]
[EventCountry "USA"]
[SourceTitle "CB17_2024"]
[SourceDate "2024.04.24"]
[SourceVersion "1"]
[SourceVersionDate "2024.04.24"]
[SourceQuality "1"]

1. Nf3 f5 2. Rg1 Nf6 3. d4 e6 4. Bg5 d5 5. g4 fxg4 6. Rxg4 e5 7. dxe5 Bxg4 8. exf6 gxf6 9. Qd4 Nc6 10. Qxg4 fxg5 11. Qh5+ Kd7 12. Bh3+ Kd6 13. Nxg5 Qe8 14. Nf7+ Ke7 15. Nc3 Bg7 16. Nxd5+ Kf8 17. Nxc7 Qxf7 18. Qc5+ Qe7 19. Qf5+ Bf6 20. Nxa8 Nd4 21. Qd3 Kg7 22. 0-0-0 Rxa8 23. Rg1+ Kh8 24. e3 Nf3 25. Rg3 Rd8 26. Qc4 Qd6 27. Qe2 Bxb2+ 28. Kxb2 Qb4+ 29. Kc1 Qa3+ 30. Kb1 Qb4+ 31. Kc1 Rd2 32. Qxf3 Rd6 33. Qf8# 1-0

[Event "Titled Tuesday intern op 12th Mar Late"]
[Site "Chess.com INT"]
[Date "2024.03.12"]
[Round "5"]
[White "Demchenko, Anton"]
[Black "Sevgi, Volkan"]
[Result "1-0"]
[WhiteElo "2609"]
[BlackElo "2308"]
[PlyCount "97"]
[EventDate "2024.03.12"]
[EventType "swiss (blitz)"]
[EventRounds "11"]
[EventCountry "USA"]
[SourceTitle "CB12_2024"]
[SourceDate "2023.10.01"]
[SourceVersion "1"]
[SourceVersionDate "2023.10.01"]
[SourceQuality "1"]

1. e4 c6 2. d3 d5 3. Nf3 Bg4 4. h3 Bxf3 5. Qxf3 e6 6. g3 Nd7 7. Bg2 g6 8. Qe2 Bg7 9. 0-0 Ne7 10. f4 0-0 11. Kh1 Qc7 12. Nd2 Rae8 13. Nf3 c5 14. c3 b5 15. Bd2 Nc6 16. e5 f5 17. d4 Qb6 18. Be3 c4 19. g4 Ne7 20. Rg1 b4 21. Qd2 a5 22. Bf2 Nb8 23. Bh4 Nbc6 24. a4 Kh8 25. Raf1 Ng8 26. Ng5 Nh6 27. Bf3 Qa7 28. Rf2 Qd7 29. Rfg2 bxc3 30. bxc3 Rb8 31. Bd1 Ne7 32. Nf3 Rb1 33. Bf6 Rfb8 34. Qf2 Neg8 35. g5 Nf7 36. h4 R8b2 37. Qd2 Rxd2 38. Rxd2 Bxf6 39. exf6 Qd6 40. Ne5 Nxe5 41. fxe5 Qc7 42. h5 gxh5 43. Bxh5 Rxg1+ 44. Kxg1 Ne7 45. Rh2 Kg8 46. Be8 Ng6 47. Rh6 Kf8 48. Bxg6 hxg6 49. Rh8+ 1-0

[Event "Titled Tuesday intern op 12th Mar Late"]
[Site "Chess.com INT"]
[Date "2024.03.12"]
[Round "3"]
[White "Rasulov, Vugar Ural Oglu"]
[Black "Sevgi, Volkan"]
[Result "1-0"]
[WhiteElo "2550"]
[BlackElo "2308"]
[PlyCount "95"]
[EventDate "2024.03.12"]
[EventType "swiss (blitz)"]
[EventRounds "11"]
[EventCountry "USA"]
[SourceTitle "CB12_2024"]
[SourceDate "2023.10.01"]
[SourceVersion "1"]
[SourceVersionDate "2023.10.01"]
[SourceQuality "1"]

1. d4 Nf6 2. c4 e6 3. Nf3 b6 4. g3 Ba6 5. Qc2 Bb4+ 6. Bd2 Qe7 7. Bg2 Bb7 8. 0-0 a5 9. Bg5 h6 10. Bxf6 Qxf6 11. c5 a4 12. cxb6 cxb6 13. Qc7 Bc6 14. Qxb6 Ba5 15. Qc5 Na6 16. Qxa5 0-0 17. Qe5 Qe7 18. Nc3 f6 19. Qe3 d5 20. Rac1 Rfc8 21. Bh3 Nc7 22. Nh4 Qd6 23. Rc2 g5 24. Nf3 Rab8 25. Rfc1 Bd7 26. Ne1 Na6 27. Nd3 Rc4 28. Ne4 dxe4 29. Rxc4 exd3 30. Qxd3 f5 31. Qd2 Nb4 32. a3 Nd5 33. Bg2 Ne7 34. Rb4 Rd8 35. Qc3 Qa6 36. e3 Kf7 37. d5 exd5 38. Qd4 Be6 39. Rb6 Qa5 40. Rb7 Rc8 41. Rxc8 Bxc8 42. Qxd5+ Qxd5 43. Bxd5+ Kf6 44. Rb6+ Ke5 45. Bg2 Be6 46. f4+ Kf6 47. Bc6 Kf7 48. Be8+ 1-0

[Event "Titled Tuesday intern op 16th Jan Late"]
[Site "Chess.com INT"]
[Date "2024.01.16"]
[Round "9"]
[White "Aaron, Deepak"]
[Black "Sevgi, Volkan"]
[Result "1-0"]
[WhiteElo "2296"]
[BlackElo "2308"]
[PlyCount "73"]
[EventDate "2024.01.16"]
[EventType "swiss (blitz)"]
[EventRounds "11"]
[EventCountry "USA"]
[SourceTitle "CB04_2024"]
[SourceDate "2023.10.16"]
[SourceVersion "1"]
[SourceVersionDate "2023.10.16"]
[SourceQuality "1"]

1. e4 d5 2. exd5 Qxd5 3. Nf3 Nf6 4. Be2 Bg4 5. h3 Bh5 6. 0-0 e6 7. c4 Qd8 8. d4 Nbd7 9. Qb3 Rb8 10. Nc3 Be7 11. Bf4 a6 12. Rad1 Bd6 13. Bg5 b6 14. Rfe1 h6 15. Bh4 g5 16. Bg3 Bxg3 17. fxg3 Qe7 18. d5 Nc5 19. Qa3 0-0 20. b4 Nce4 21. Nxe4 Nxe4 22. g4 Bg6 23. Bf1 a5 24. Ne5 axb4 25. Qe3 Qc5 26. Rd4 exd5 27. cxd5 Nf6 28. Rc1 Qe7 29. Qg3 Rbe8 30. Nxg6 fxg6 31. Rxc7 Qd8 32. d6 Ne4 33. Bc4+ Kh8 34. Qd3 Nc5 35. Qxg6 Re1+ 36. Kh2 Nd7 37. Qxh6# 1-0

[Event "Titled Tuesday intern op 16th Jan Late"]
[Site "Chess.com INT"]
[Date "2024.01.16"]
[Round "2"]
[White "Baltaci, Ismail Tarik"]
[Black "Sevgi, Volkan"]
[Result "0-1"]
[WhiteElo "2084"]
[BlackElo "2308"]
[PlyCount "76"]
[EventDate "2024.01.16"]
[EventType "swiss (blitz)"]
[EventRounds "11"]
[EventCountry "USA"]
[SourceTitle "CB04_2024"]
[SourceDate "2023.10.16"]
[SourceVersion "1"]
[SourceVersionDate "2023.10.16"]
[SourceQuality "1"]

1. e4 c6 2. d4 g6 3. Nc3 Bg7 4. Bf4 d5 5. e5 f6 6. Nf3 Nh6 7. Qd2 Nf7 8. 0-0-0 0-0 9. Re1 a5 10. e6 Nd6 11. h4 b5 12. h5 b4 13. Nd1 Ne4 14. Qe3 Bxe6 15. hxg6 hxg6 16. Bh6 Rf7 17. Bd3 Bf5 18. Bxg7 Rxg7 19. Qh6 Nd7 20. Nh4 Rh7 21. Qe3 Nf8 22. g4 Bxg4 23. f3 g5 24. Ng2 Rxh1 25. Rxh1 Ng3 26. fxg4 Nxh1 27. Qh3 e5 28. dxe5 fxe5 29. Bf5 Qf6 30. Qxh1 e4 31. Nde3 d4 32. Nc4 e3 33. Ne1 Re8 34. Nd3 e2 35. Qe1 Ng6 36. Bxg6 Qxg6 37. Nce5 Qe4 38. Qxe2 Qxe2 0-1

[Event "Titled Tuesday intern op 16th Jan Late"]
[Site "Chess.com INT"]
[Date "2024.01.16"]
[Round "8"]
[White "Sargsyan, Shant"]
[Black "Sevgi, Volkan"]
[Result "1-0"]
[WhiteElo "2634"]
[BlackElo "2308"]
[PlyCount "97"]
[EventDate "2024.01.16"]
[EventType "swiss (blitz)"]
[EventRounds "11"]
[EventCountry "USA"]
[SourceTitle "CB04_2024"]
[SourceDate "2023.10.16"]
[SourceVersion "1"]
[SourceVersionDate "2023.10.16"]
[SourceQuality "1"]

1. c4 f5 2. g3 Nf6 3. d4 g6 4. Bg2 Bg7 5. Nc3 0-0 6. Nh3 d6 7. d5 e5 8. dxe6 c6 9. Nf4 Qe7 10. Qc2 Na6 11. 0-0 Bxe6 12. Nxe6 Qxe6 13. b3 Nb4 14. Qd2 Ne4 15. Nxe4 fxe4 16. Qxb4 Bxa1 17. Qxb7 Rae8 18. Bh6 Rf7 19. Qxc6 Bd4 20. e3 Bc5 21. h4 g5 22. Bxg5 h6 23. Bf4 Kh8 24. Kh2 a5 25. Bh3 Qe7 26. Bxh6 Rg8 27. Bf4 Rg6 28. Qd5 Kg8 29. Bg2 Re6 30. Bh3 Rg6 31. Qh5 Rfg7 32. Rd1 Rf6 33. Qd5+ Kh8 34. Rd2 Rxf4 35. exf4 e3 36. Re2 Qf6 37. fxe3 Qg6 38. Qf3 Qd3 39. Be6 Rh7 40. Kg2 Qg6 41. Qa8+ Kg7 42. Qg8+ Kh6 43. Qxg6+ Kxg6 44. Kf3 Kf6 45. Bd5 a4 46. bxa4 Ra7 47. g4 Rxa4 48. g5+ Ke7 49. h5 1-0

[Event "Titled Tuesday intern op 26th Sep Early"]
[Site "Chess.com INT"]
[Date "2023.09.26"]
[Round "9"]
[White "Ashraf, Artin"]
[Black "Sevgi, Volkan"]
[Result "1-0"]
[WhiteElo "2340"]
[BlackElo "2308"]
[PlyCount "65"]
[EventDate "2023.09.26"]
[EventType "swiss (blitz)"]
[EventRounds "11"]
[EventCountry "USA"]
[SourceTitle "EXT 2024"]
[Source "ChessBase"]
[SourceDate "2023.10.10"]
[SourceVersion "1"]
[SourceVersionDate "2023.10.10"]
[SourceQuality "1"]

1. d4 f5 2. Bg5 h6 3. Bh4 g5 4. Bg3 Nf6 5. e3 Bg7 6. h4 g4 7. Bd3 e6 8. Ne2 Nc6 9. c4 Ne7 10. Nbc3 0-0 11. Qc2 d5 12. cxd5 exd5 13. Be5 c6 14. Nf4 Bd7 15. f3 Qe8 16. Nce2 Rc8 17. Ng3 Nh7 18. Bxg7 Kxg7 19. fxg4 Nf6 20. gxf5 Nxf5 21. Bxf5 Qxe3+ 22. Nfe2 Ne4 23. Bxe4 Rce8 24. Bf3 Bg4 25. Qd2 Qe6 26. 0-0 Bxf3 27. Rxf3 Rxf3 28. gxf3 Kh8 29. Rf1 Qh3 30. Qxh6+ Kg8 31. Qg6+ Kf8 32. Qf6+ Kg8 33. Nf5 1-0

[Event "Titled Tuesday intern op 26th Sep Early"]
[Site "Chess.com INT"]
[Date "2023.09.26"]
[Round "10"]
[White "Sevgi, Volkan"]
[Black "Pourkashiyan, Atousa"]
[Result "1-0"]
[WhiteElo "2308"]
[BlackElo "2288"]
[PlyCount "73"]
[EventDate "2023.09.26"]
[EventType "swiss (blitz)"]
[EventRounds "11"]
[EventCountry "USA"]
[SourceTitle "EXT 2024"]
[Source "ChessBase"]
[SourceDate "2023.10.10"]
[SourceVersion "1"]
[SourceVersionDate "2023.10.10"]
[SourceQuality "1"]

1. e4 e5 2. Nc3 Nf6 3. f4 d5 4. fxe5 Nxe4 5. Qf3 Nxc3 6. bxc3 Nc6 7. d4 f6 8. Bd3 Be6 9. exf6 Qxf6 10. Qxf6 gxf6 11. Ne2 Bd6 12. 0-0 Be7 13. Nf4 Bf7 14. Bf5 0-0 15. Ne6 Rfc8 16. Bf4 Bd6 17. Rae1 Kh8 18. Re3 Bxf4 19. Rxf4 Ne7 20. Bd3 Bxe6 21. Rxe6 Ng8 22. Rh4 h6 23. Bg6 Kg7 24. Bh5 Rf8 25. Rg4+ Kh7 26. Rf4 Rad8 27. a4 Rd6 28. Rxd6 cxd6 29. Rf5 Ne7 30. Rf3 Kg7 31. Re3 Nf5 32. Rf3 Ne7 33. Re3 Nf5 34. Re6 Rc8 35. Bg4 Nh4 36. Re7+ Kg6 37. Bxc8 1-0

[Event "Titled Tuesday intern op 26th Sep Early"]
[Site "Chess.com INT"]
[Date "2023.09.26"]
[Round "6"]
[White "Stojanovski, Sandi"]
[Black "Sevgi, Volkan"]
[Result "0-1"]
[WhiteElo "2179"]
[BlackElo "2308"]
[PlyCount "128"]
[EventDate "2023.09.26"]
[EventType "swiss (blitz)"]
[EventRounds "11"]
[EventCountry "USA"]
[SourceTitle "EXT 2024"]
[Source "ChessBase"]
[SourceDate "2023.10.10"]
[SourceVersion "1"]
[SourceVersionDate "2023.10.10"]
[SourceQuality "1"]

1. d3 d5 2. Nf3 c5 3. g3 Nc6 4. Bg2 e5 5. 0-0 Nf6 6. c4 Be7 7. Bg5 d4 8. a3 Qc7 9. e3 0-0 10. exd4 exd4 11. Nbd2 Bg4 12. Re1 Rae8 13. Bxf6 Bxf6 14. Ne4 Be7 15. Qa4 Bd7 16. Qc2 h6 17. Rab1 a5 18. Re2 Nd8 19. Rbe1 Ne6 20. Ned2 Bc6 21. Bh3 Ng5 22. Nxg5 Bxg5 23. Rxe8 Rxe8 24. Rxe8+ Bxe8 25. Ne4 Be7 26. Bg2 g6 27. Qe2 Kg7 28. Nd2 a4 29. h4 b6 30. Bd5 Qd6 31. Nf3 Qf6 32. Qe4 Bd7 33. Qe5 Bd6 34. Qxf6+ Kxf6 35. Nd2 Ke7 36. Ne4 Bc7 37. Nd2 f5 38. Nf3 Kf6 39. Nd2 g5 40. hxg5+ hxg5 41. Kg2 Be8 42. f3 Bh5 43. Bc6 Ke5 44. Bxa4 Bg6 45. Bc6 Kd6 46. Bb7 Bd8 47. Ba8 Be7 48. Bb7 Ke5 49. Ba8 Bd6 50. Bd5 Bf8 51. Bc6 Kd6 52. Bd5 Bh6 53. b4 cxb4 54. axb4 Ke5 55. Bc6 Bf8 56. Nf1 Bxb4 57. Bd5 f4 58. g4 Bxd3 59. Nh2 Be2 60. Be4 d3 61. Nf1 d2 62. Nxd2 Bxd2 63. Bd5 Kd4 64. Bg8 Bxc4 0-1

[Event "Titled Tuesday intern op 26th Sep Early"]
[Site "Chess.com INT"]
[Date "2023.09.26"]
[Round "3"]
[White "Swicarz, Maciej"]
[Black "Sevgi, Volkan"]
[Result "0-1"]
[WhiteElo "2261"]
[BlackElo "2308"]
[PlyCount "98"]
[EventDate "2023.09.26"]
[EventType "swiss (blitz)"]
[EventRounds "11"]
[EventCountry "USA"]
[SourceTitle "EXT 2024"]
[Source "ChessBase"]
[SourceDate "2023.10.10"]
[SourceVersion "1"]
[SourceVersionDate "2023.10.10"]
[SourceQuality "1"]

1. e4 c6 2. Nc3 d5 3. Qe2 d4 4. Nd1 c5 5. f4 Nc6 6. Nf3 Bg4 7. d3 e5 8. Nf2 Bxf3 9. Qxf3 exf4 10. Bxf4 Bd6 11. g3 Nge7 12. Bh3 Ng6 13. 0-0 Nce5 14. Qe2 Qc7 15. a4 0-0 16. Kh1 Rae8 17. Bf5 Ne7 18. Bh3 N7c6 19. b3 a6 20. Qh5 Ng6 21. Bxd6 Qxd6 22. Bf5 Nce5 23. Ng4 Nxg4 24. Qxg4 Ne5 25. Qh3 g6 26. Bg4 Kg7 27. Rf4 h5 28. Be2 Qe6 29. Qxe6 fxe6 30. Raf1 b5 31. axb5 axb5 32. Rxf8 Rxf8 33. Rxf8 Kxf8 34. Kg2 Ke7 35. h3 Kd6 36. g4 h4 37. Bf1 g5 38. Be2 Kc6 39. Kf2 Kb6 40. Ke1 Ka5 41. Kd2 Kb4 42. Bd1 Ng6 43. Be2 Nf4 44. Bf1 e5 45. Kd1 Kc3 46. Kc1 Ne6 47. Kd1 Nd8 48. Kc1 Nc6 49. Kd1 Nb4 0-1

[Event "TUR Cup"]
[Site "Denizli"]
[Date "2023.07.19"]
[Round "6"]
[White "Sevgi, Volkan"]
[Black "Akdogan, Alperen"]
[Result "1/2-1/2"]
[WhiteElo "2288"]
[BlackElo "2219"]
[PlyCount "108"]
[EventDate "2023.07.16"]
[EventType "team-tourn"]
[EventRounds "9"]
[EventCountry "TUR"]
[SourceTitle "CBM 215 Extra"]
[Source "ChessBase"]
[SourceDate "2023.09.30"]
[SourceVersion "1"]
[SourceVersionDate "2023.09.30"]
[SourceQuality "1"]

1. e4 c6 2. Nc3 d5 3. Nf3 dxe4 4. Nxe4 Nf6 5. Qe2 Nxe4 6. Qxe4 Nd7 7. Bc4 Nf6 8. Ne5 e6 9. Qe2 b5 10. Bd3 Qc7 11. b3 Bd6 12. Bb2 Nd5 13. 0-0 Nf4 14. Qe3 Nxd3 15. Nxd3 0-0 16. Be5 Bxe5 17. Qxe5 Qxe5 18. Nxe5 c5 19. a4 b4 20. Rfe1 Rd8 21. Nd3 Rd5 22. Re5 Rxe5 23. Nxe5 Bb7 24. a5 Ba6 25. d3 f6 26. Nf3 Rd8 27. Nd2 Kf7 28. f4 Rd5 29. Ne4 Ke7 30. Re1 Kd7 31. Kf2 Kc6 32. g4 Bc8 33. Kf3 Rd8 34. Nd2 Kb5 35. Nc4 Bb7+ 36. Kg3 Bd5 37. Ne3 Rd7 38. Ra1 Bxb3 39. cxb3 Rxd3 40. Kf3 Rxb3 41. Ke4 Rc3 42. Rd1 b3 43. Rd7 Ka4 44. Nd1 Rc1 45. Ke3 c4 46. Kd2 Rc2+ 47. Ke1 c3 48. Rxa7 Rc1 49. Ke2 b2 50. Rb7 Kxa5 51. Nxc3 Rxc3 52. Rxb2 Rh3 53. Rb7 Rxh2+ 54. Kf3 g5 1/2-1/2

[Event "TUR Cup"]
[Site "Denizli"]
[Date "2023.07.17"]
[Round "3"]
[White "Dogan, Mire Deniz"]
[Black "Sevgi, Volkan"]
[Result "0-1"]
[WhiteElo "2079"]
[BlackElo "2288"]
[PlyCount "72"]
[EventDate "2023.07.16"]
[EventType "team-tourn"]
[EventRounds "9"]
[EventCountry "TUR"]
[SourceTitle "CBM 215 Extra"]
[Source "ChessBase"]
[SourceDate "2023.09.30"]
[SourceVersion "1"]
[SourceVersionDate "2023.09.30"]
[SourceQuality "1"]

1. e4 c5 2. Nc3 Nc6 3. Bb5 g6 4. Bxc6 dxc6 5. d3 Bg7 6. Be3 b6 7. Qd2 Qc7 8. 0-0-0 Bg4 9. f3 Be6 10. h4 0-0-0 11. Nh3 h6 12. Nf4 Bd7 13. Kb1 Nf6 14. g4 Ne8 15. Nfe2 Nd6 16. Qe1 Kb7 17. Qf2 Ka8 18. Rdg1 Qc8 19. Qg3 c4 20. d4 b5 21. e5 Nb7 22. h5 c5 23. hxg6 fxg6 24. Nd5 Be8 25. Ndc3 b4 26. Ne4 cxd4 27. Nxd4 Rd5 28. f4 Bc6 29. Nxc6 Qxc6 30. Qg2 Rhd8 31. Bc1 Ra5 32. Rd1 Rc8 33. b3 g5 34. Qe2 Qa6 35. Rd7 Rxa2 36. Bb2 Rxb2+ 0-1

[Event "TUR Cup"]
[Site "Denizli"]
[Date "2023.07.17"]
[Round "2"]
[White "Sevgi, Volkan"]
[Black "Metin, Enis"]
[Result "1-0"]
[WhiteElo "2288"]
[BlackElo "1925"]
[PlyCount "106"]
[EventDate "2023.07.16"]
[EventType "team-tourn"]
[EventRounds "9"]
[EventCountry "TUR"]
[SourceTitle "CBM 215 Extra"]
[Source "ChessBase"]
[SourceDate "2023.09.30"]
[SourceVersion "1"]
[SourceVersionDate "2023.09.30"]
[SourceQuality "1"]

1. Nf3 d5 2. g3 Nf6 3. Bg2 Nbd7 4. c4 dxc4 5. Qa4 a6 6. Qxc4 b5 7. Qb3 c5 8. d3 Bb7 9. a4 e6 10. 0-0 Be7 11. Nc3 c4 12. Qc2 cxd3 13. exd3 b4 14. Ne4 0-0 15. a5 Rc8 16. Qe2 Nc5 17. Nfd2 Qc7 18. Nxc5 Bxg2 19. Kxg2 Bxc5 20. Nc4 Rfd8 21. Bg5 Bd4 22. Qf3 Qc6 23. Qxc6 Rxc6 24. Rfd1 Rd5 25. Be3 Nd7 26. Rac1 Bxe3 27. fxe3 Rdc5 28. b3 Ne5 29. d4 Nxc4 30. dxc5 Nxe3+ 31. Kf3 Nxd1 32. Rxd1 f5 33. Rc1 e5 34. Ke3 Kf7 35. Kd3 g5 36. Kc4 Ke6 37. Kxb4 f4 38. Kc4 e4 39. Kd4 Kf5 40. g4+ Kxg4 41. Kxe4 Re6+ 42. Kd5 Re8 43. c6 f3 44. c7 f2 45. Kd6 Kh3 46. Kd7 Rf8 47. c8Q Rxc8 48. Kxc8 Kxh2 49. b4 g4 50. b5 axb5 51. a6 g3 52. a7 g2 53. a8Q f1Q 1-0

[Event "TUR Cup"]
[Site "Denizli"]
[Date "2023.07.16"]
[Round "1"]
[White "Citil, Feyzullah"]
[Black "Sevgi, Volkan"]
[Result "1-0"]
[WhiteElo "1582"]
[BlackElo "2288"]
[PlyCount "83"]
[EventDate "2023.07.16"]
[EventType "team-tourn"]
[EventRounds "9"]
[EventCountry "TUR"]
[SourceTitle "CBM 215 Extra"]
[Source "ChessBase"]
[SourceDate "2023.09.30"]
[SourceVersion "1"]
[SourceVersionDate "2023.09.30"]
[SourceQuality "1"]

1. e4 c6 2. d4 d5 3. exd5 cxd5 4. Bd3 Nc6 5. c3 Nf6 6. h3 g6 7. Nf3 Qc7 8. Na3 a6 9. Nc2 Bg7 10. 0-0 Bf5 11. Bxf5 gxf5 12. Bg5 Ne4 13. Qc1 e6 14. Bf4 Qe7 15. Ne5 Bxe5 16. dxe5 Rg8 17. f3 Ng3 18. Bxg3 Rxg3 19. Qf4 Rg6 20. Nd4 0-0-0 21. Nxc6 bxc6 22. Rad1 Rdg8 23. Rf2 Qa7 24. Qd4 c5 25. Qe3 Kb8 26. a3 Ka8 27. c4 d4 28. Qf4 Qc7 29. b4 f6 30. Re1 Qg7 31. g4 Qc7 32. bxc5 fxg4 33. fxg4 f5 34. Rb1 Ka7 35. c6 Qxc6 36. Qxd4+ Ka8 37. Rb6 Qc8 38. Qd6 R6g7 39. Rxa6+ Ra7 40. Rb2 Rgg7 41. Rb5 Qe8 42. Rc5 1-0

[Event "Titled Tuesday intern op 12th Jul Late"]
[Site "Chess.com INT"]
[Date "2022.07.12"]
[Round "7"]
[White "Sevgi, Volkan"]
[Black "Herman, Daniel"]
[Result "1-0"]
[WhiteElo "2305"]
[BlackElo "1957"]
[PlyCount "111"]
[EventDate "2022.07.12"]
[EventType "swiss (blitz)"]
[EventRounds "11"]
[EventCountry "USA"]
[SourceTitle "EXT 2023"]
[Source "ChessBase"]
[SourceDate "2022.10.05"]
[SourceVersion "1"]
[SourceVersionDate "2022.10.05"]
[SourceQuality "1"]

1. e4 Nf6 2. e5 Nd5 3. c4 Nb6 4. d4 d6 5. exd6 cxd6 6. Nc3 g6 7. Be3 Bg7 8. Be2 Nc6 9. b3 0-0 10. Nf3 Bf5 11. Rc1 d5 12. 0-0 dxc4 13. bxc4 Rc8 14. d5 Ne5 15. Nxe5 Bxe5 16. c5 Bxc3 17. cxb6 axb6 18. Qb3 Bg7 19. Bxb6 Qd6 20. Bf3 h5 21. Be3 Qd7 22. a4 Rxc1 23. Rxc1 Rc8 24. Rxc8+ Qxc8 25. d6 exd6 26. Bxb7 Qc7 27. Bd5 h4 28. h3 Be5 29. Kf1 Kg7 30. Ke2 Bc2 31. Qc4 Qxc4+ 32. Bxc4 Bxa4 33. Bd5 Bb5+ 34. Kf3 Bf1 35. Kg4 Bf6 36. Bf4 Be2+ 37. f3 Bd3 38. Bxd6 g5 39. f4 Be2+ 40. Bf3 Bxf3+ 41. Kxf3 Kg6 42. Kg4 gxf4 43. Bxf4 Be7 44. Bd2 f5+ 45. Kf3 Bd6 46. Be1 Kh5 47. Bf2 Be5 48. Ke3 Bd6 49. Kd3 Be5 50. Kc4 Bg3 51. Bxg3 hxg3 52. Kd5 Kg5 53. Ke5 Kg6 54. Kf4 Kf6 55. Kxg3 Kg5 56. Kf3 1-0

[Event "Titled Tuesday intern op 12th Jul Late"]
[Site "Chess.com INT"]
[Date "2022.07.12"]
[Round "10"]
[White "Sivakumar, Shaashwath"]
[Black "Sevgi, Volkan"]
[Result "0-1"]
[WhiteElo "2207"]
[BlackElo "2305"]
[PlyCount "82"]
[EventDate "2022.07.12"]
[EventType "swiss (blitz)"]
[EventRounds "11"]
[EventCountry "USA"]
[SourceTitle "EXT 2023"]
[Source "ChessBase"]
[SourceDate "2022.10.05"]
[SourceVersion "1"]
[SourceVersionDate "2022.10.05"]
[SourceQuality "1"]

1. d4 f5 2. Bf4 Nf6 3. e3 e6 4. h3 b6 5. Nf3 Bb7 6. Be2 Bb4+ 7. c3 Be7 8. 0-0 0-0 9. c4 Ne4 10. Bh2 d6 11. Nbd2 Nd7 12. Rc1 Qe8 13. b4 Qg6 14. Nxe4 Bxe4 15. d5 e5 16. Ne1 f4 17. f3 Bf5 18. exf4 exf4 19. Bd3 Bh4 20. Bxf5 Rxf5 21. Nd3 Raf8 22. Kh1 Bg5 23. Nf2 Nf6 24. Ng4 Nh5 25. Qd4 Ng3+ 26. Bxg3 fxg3 27. Rce1 h5 28. Re6 Qh7 29. Ne3 Rf4 30. Qc3 Bf6 31. Qd2 Be5 32. c5 bxc5 33. bxc5 Rb8 34. cxd6 cxd6 35. Qa5 Qd3 36. Qe1 Rb2 37. Re8+ Kh7 38. Nd1 Re2 39. Qa5 Rxg2 40. Kxg2 Qe2+ 41. Kxg3 Rg4# 0-1

[Event "Ankara Baskent Univ op-A 5th"]
[Site "Ankara"]
[Date "2022.07.02"]
[Round "1"]
[White "Sevgi, Volkan"]
[Black "Makaraci, Tunahan"]
[Result "0-1"]
[WhiteElo "2305"]
[BlackElo "2130"]
[PlyCount "64"]
[EventDate "2022.07.02"]
[EventType "swiss"]
[EventRounds "9"]
[EventCountry "TUR"]
[SourceTitle "CBM 209 Extra"]
[Source "ChessBase"]
[SourceDate "2022.09.30"]
[SourceVersion "1"]
[SourceVersionDate "2022.09.30"]
[SourceQuality "1"]

1. e4 Nf6 2. e5 Nd5 3. d4 d6 4. c4 Nb6 5. f4 dxe5 6. fxe5 Bf5 7. Nc3 e6 8. Nf3 Bb4 9. a3 Bxc3+ 10. bxc3 Nc6 11. Be2 Qd7 12. c5 Nd5 13. Bd2 0-0 14. 0-0 f6 15. c4 Nde7 16. exf6 gxf6 17. Bc3 Rad8 18. Qe1 Ng6 19. Rd1 Nce7 20. Qg3 Rf7 21. d5 exd5 22. Nh4 c6 23. cxd5 cxd5 24. Nxf5 Nxf5 25. Qh3 Qe7 26. Rxf5 Qxe2 27. Re1 Qc4 28. Bxf6 Rdf8 29. Re6 Qc1+ 30. Kf2 Rxf6 31. Rfxf6 Rxf6+ 32. Rxf6 Qb2+ 0-1

[Event "TUR Cup"]
[Site "Adapazari"]
[Date "2022.03.27"]
[Round "4"]
[White "Sevgi, Volkan"]
[Black "Ererdem, Gani Eren"]
[Result "1-0"]
[WhiteElo "2311"]
[BlackElo "2134"]
[PlyCount "79"]
[EventDate "2022.03.25"]
[EventType "swiss"]
[EventRounds "11"]
[EventCountry "TUR"]
[SourceTitle "EXT 2023"]
[Source "ChessBase"]
[SourceDate "2022.10.05"]
[SourceVersion "1"]
[SourceVersionDate "2022.10.05"]
[SourceQuality "1"]

1. d4 Nf6 2. c4 c5 3. d5 b5 4. f3 bxc4 5. e4 d6 6. Bxc4 g6 7. Nc3 Bg7 8. Nge2 0-0 9. Be3 Nfd7 10. f4 Ba6 11. Bxa6 Nxa6 12. 0-0 Qa5 13. a3 Rfc8 14. e5 dxe5 15. b4 Qd8 16. d6 cxb4 17. dxe7 Qxe7 18. Nd5 Qe6 19. f5 gxf5 20. Ng3 f4 21. Nf5 Bf8 22. Rxf4 exf4 23. Nde7+ Kh8 24. Qg4 f6 25. Ng6+ hxg6 26. Qh3+ Kg8 27. Nh6+ Bxh6 28. Qxe6+ Kh8 29. Bd4 Nac5 30. Qh3 Kh7 31. axb4 f5 32. bxc5 Nxc5 33. Re1 Ne4 34. Rxe4 fxe4 35. Qd7+ Kg8 36. Qe6+ Kf8 37. Qf6+ Ke8 38. Qxg6+ Kd7 39. Qh7+ Ke8 40. Qxe4+ 1-0